| 000 | 00642nam a22002297a 4500 | ||
|---|---|---|---|
| 005 | 20240910162050.0 | ||
| 010 | _aENG-141717 | ||
| 020 |
_a10SE000944 _c225.00 |
||
| 035 | _aEN-125249 | ||
| 037 | _bDBAD | ||
| 082 | _a540 | ||
| 100 |
_aSharma, S.P _971432 |
||
| 245 |
_aISC Practical Chemistry _cBy S.P Sharma |
||
| 250 | _aRevised | ||
| 260 |
_aNew Delhi _bS. Chand and Company Limited _c2021 |
||
| 270 |
_aBlock B-1,House no-1,ground floor _bNew Delhi _e110044 |
||
| 300 |
_a93p. _c23cm (pb) |
||
| 490 | _vVol 1 | ||
| 500 | _aFor Class XI | ||
| 700 |
_aBaboo, Ajaya _eAuthor _971433 |
||
| 942 |
_2ddc _cEN _h540 _mSHA |
||
| 999 |
_c205762 _d205762 |
||